La escuela en la comunidad: La comunidad en la escuela
Gorde:
| Egile Nagusiak: | , , , , , , |
|---|---|
| Formatua: | Liburua |
| Hizkuntza: | gaztelania |
| Argitaratua: |
Barcelona
Graó
2007
|
| Edizioa: | 1a. ed |
| Saila: | Acción Comunitaria, 6
|
| Gaiak: | |
| Etiketak: |
Etiketa erantsi
Etiketarik gabe, Izan zaitez lehena erregistro honi etiketa jartzen!
|
MARC
| LEADER | 00000cam a2200000 a 4500 | ||
|---|---|---|---|
| 001 | UCF3704 | ||
| 003 | CL-VaPUC | ||
| 008 | 121025e20071000SP |||||||||||||||||spa|d | ||
| 020 | |a 9788478275182 | ||
| 082 | 0 | 4 | |a 371.9 |b CAS |2 21 |
| 100 | 0 | |a Castro Rodríguez, María Montserrat |e author |9 565450 | |
| 700 | 0 | |a Ferrer Esteban, Gerard |e author |9 565451 | |
| 700 | 0 | |a Majado Freile, María Flor |e author |9 565452 | |
| 700 | 0 | |a Rodríguez Rodríguez, Jesús |e author |9 565453 | |
| 700 | 0 | |a Vera Vila, Julio |e author |9 565454 | |
| 700 | 0 | |a Zafra Jiménez, Manuel |e author |9 565455 | |
| 700 | 0 | |a Zapico Barbeito, María Helena |e author |9 565456 | |
| 245 | 1 | 3 | |a La escuela en la comunidad: La comunidad en la escuela |
| 250 | |a 1a. ed | ||
| 300 | |a 177 p | ||
| 942 | |c BK | ||
| 945 | |d 20121025 00:00:00 |a dcastane | ||
| 260 | |a Barcelona |b Graó |c 2007 | ||
| 650 | 0 | |a Educación especial |9 307486 | |
| 650 | 0 | |a Calidad de la educación |9 307271 | |
| 650 | 0 | |a Educación inclusiva |9 560584 | |
| 583 | |a last modification |c 20121025 12:11:00 |k Rodrigo Vera | ||
| 490 | 0 | |a Acción Comunitaria, 6 | |
| 999 | |c 349883 |d 349881 | ||
| 952 | |0 0 |1 0 |4 0 |6 371_900000000000000_CAS_2007 |7 0 |8 A |9 452761 |a BIBEDU |b BIBEDU |c ES_NOD |d 2019-11-22 |i 4916557 |o 371.9 CAS 2007 |p 4916557 |r 2023-08-09 |w 2019-11-22 |y BK |k EPE | ||